000 00435nam a2200169Ia 4500
008 230917s9999||||xx |||||||||||||| ||und||
020 _cUSD70
040 _e229111
_aMAIN
041 _aEnglish
082 _a642 C629M
100 _aClyne, Carol Murphy
245 0 _aModern buffet presentation
260 _aHoboken
_bWiley
_c2015
300 _axv, 366 p.
500 _a2166 09/11/2015 PBA15/466 10/11/2015 IHTM (SFS)
942 _cBK
999 _c16491
_d16491